000 00346nam a2200133Ia 4500
005 20260328101452.0
008 260328s9999||||xx |||||||||||||| ||und||
100 _aBachelard, Gastón
245 0 _aLa poÉtica del Espacio /
_cGastón Bachelard
260 _bFondo de Cultura Económica
300 _a281 p.
650 _aARQUITECTURA
942 _cBK
999 _c8691
_d8691